000
00325nam a22001457a 4500
003
SGT
020
_a
9789381283097
082
_a
920
_b
A10S
100
_a
SWAMI, RADHANATH
245
_a
ANOKHA SAFAR: EK AMREIKI SWAMI KI AATMAKATHA
260
_b
TULSI BOOKS
_c
2010
300
_a
383
650
_a
BIOGRAPHY
942
_2
ddc
_c
BK
999
_c
28347
_d
28347